00247nam a2200097Ia 4500008004100000100001600041245005200057260002300109260000900132300000800141170620s9999 xx 000 0 und d aJain.Deepak 0aPhysical Education for Elements School Children bNew delhi.Khel.S.k c2003 a308